| 000 | 00665 a2200217 4500 | ||
|---|---|---|---|
| 005 | 20100810101119.0 | ||
| 010 | _aENG-99274 | ||
| 020 | _c80.00 | ||
| 035 | _aEN-82806 | ||
| 037 | _bDBAD/PUB | ||
| 082 | _a921 | ||
| 100 |
_aVimala, R. _99780 |
||
| 245 |
_aTagore's outlook on Indian society / _cby R. Vimala |
||
| 260 |
_aChennai _bNarayana Publication _c2010 |
||
| 270 |
_a192, Bell Road _bChennai _e5 |
||
| 300 |
_a109 p. _c20cm.(pbk) |
||
| 500 | _aIncludes bibliographical references | ||
| 700 | _99757 | ||
| 942 |
_adpl _cEN _2ddc _mVIM _h921 |
||
| 999 |
_c40508 _d40508 |
||